Zemědělci brání svou existenci Proč vznikají odbytová mlékařská družstva?

Vznik tzv. mliekarskych odbytových družstiev v niektorých regiónoch Čiech a Moravy. Dôvody zakladania týchto družstiev. Hlavný dôvod - nerovnoprávne postavenie poľnohospodárskych podnikateľských subjektov na našom súčasnom trhu. Snaha riešiť vzniknuté problémy zakladaním poľnohospodárskych odbytovýc...

Descripción completa

Guardado en:
Detalles Bibliográficos
Autor principal: Hejkal, J.
Formato: Capítulo de libro
Lenguaje:checo
Materias:
Etiquetas: Agregar Etiqueta
Sin Etiquetas, Sea el primero en etiquetar este registro!

MARC

LEADER 00000naa a2200000 4500
001 r015813
005 20221205090051.4
041 0 |a cze 
044 |a CZ 
245 1 0 |a Zemědělci brání svou existenci  |b Proč vznikají odbytová mlékařská družstva?  |c J. Hejkal 
520 |a Vznik tzv. mliekarskych odbytových družstiev v niektorých regiónoch Čiech a Moravy. Dôvody zakladania týchto družstiev. Hlavný dôvod - nerovnoprávne postavenie poľnohospodárskych podnikateľských subjektov na našom súčasnom trhu. Snaha riešiť vzniknuté problémy zakladaním poľnohospodárskych odbytových družstiev. 
610 2 0 |a poľnohospodárstvo 
610 2 0 |a družstvá 
610 2 0 |a odbyt 
610 2 0 |a Česko 
100 1 |a Hejkal, J.